A book on C : an introduction to programming in C /

Guardado en:
Autor Principal: Kelley, Al.
Otros Autores: Pohl, Ira.
Formato: Libro
Idioma:English
Publicado: Menlo Park, Calif. : Benjamin/Cummings Pub. Co., c1984.
Materias:
Etiquetas: Agregar Etiqueta
Sin Etiquetas, Sea el primero en etiquetar este registro!
LEADER 00879cam a22002535a 4500
001 EIQ.libpla000692
008 840425s1984####caua##########001#0#eng#d
005 20080528171826.0
245 1 2 |a A book on C :  |b an introduction to programming in C /  |c Al Kelley, Ira Pohl. 
260 |a Menlo Park, Calif. :  |b Benjamin/Cummings Pub. Co.,  |c c1984. 
300 |a xv, 362 p. :  |b il. ;  |c 24 cm. 
500 |a Incluye índice. 
020 |a 0805368604 (soft) 
100 1 |a Kelley, Al. 
700 1 |a Pohl, Ira. 
740 0 |a Introduction to programming in C. 
082 0 0 |a 001.64/24  |2 19 
650 4 |a C (Lenguaje de programación en computadores)  |x Teoría. 
650 4 |a Computadores  |x Programas. 
650 4 |a Computers  |x Programs. 
650 4 |a C (Computer program language)  |x Theory. 
010 |a  84009357  
040 |a DLC  |c DLC  |d AR-BbSID 
859 |a AR-BbSID  |b BIB. PLAPIQUI  |h 001.642 4  |i K 27  |p 281